/ صُحبتِ مُرشدِ کامِل (Record no. 109366)

MARC details
000 -LEADER
fixed length control field 00783nam a22002537a 4500
005 - DATE AND TIME OF LATEST TRANSACTION
control field 20170123162352.0
010 ## - LIBRARY OF CONGRESS CONTROL NUMBER
LC control number A-842612
020 ## - INTERNATIONAL STANDARD BOOK NUMBER
Terms of availability 00.00
035 ## - SYSTEM CONTROL NUMBER
System control number A-842612
037 ## - SOURCE OF ACQUISITION
Source of stock number/acquisition Cen Lib/Ret
040 ## - CATALOGING SOURCE
Original cataloging agency DPL
Language of cataloging UR
082 ## - DEWEY DECIMAL CLASSIFICATION NUMBER
Classification number 239.1
Item number ج ا ن
100 ## - MAIN ENTRY--PERSONAL NAME
Personal name جانسن، جولین پی
9 (RLIN) 111255
245 ## - TITLE STATEMENT
Title / صُحبتِ مُرشدِ کامِل
Statement of responsibility, etc جولین پی جانسن
246 ## - VARYING FORM OF TITLE
Title proper/short title Sohbt-e- murshid-e- kamil /
Remainder of title by Jolin P. Jonson
260 ## - PUBLICATION, DISTRIBUTION, ETC. (IMPRINT)
Place of publication, distribution, etc امرتسر
Name of publisher, distributor, etc رادھا سوامی ست بیاس پنجاب
Date of publication, distribution, etc 1982
270 ## - ADDRESS
City امرتسر
300 ## - PHYSICAL DESCRIPTION
Extent 258p.
Dimensions 21cm(Hb)
650 ## - SUBJECT ADDED ENTRY--TOPICAL TERM
Topical term or geographic name as entry element مذہب
Form subdivision
9 (RLIN) 137525
650 ## - SUBJECT ADDED ENTRY--TOPICAL TERM
Topical term or geographic name as entry element سکھ
9 (RLIN) 1931
650 ## - SUBJECT ADDED ENTRY--TOPICAL TERM
Topical term or geographic name as entry element Religion
9 (RLIN) 137526
650 ## - SUBJECT ADDED ENTRY--TOPICAL TERM
Topical term or geographic name as entry element Sikh
9 (RLIN) 137527
942 ## - ADDED ENTRY ELEMENTS (KOHA)
Source of classification or shelving scheme Dewey Decimal Classification
Koha item type Urdu Bks
Classification part 239.1
Call number suffix ج ا ن
Holdings
Withdrawn status Lost status Damaged status Not for loan Home library Current library Date acquired Source of acquisition Cost, normal purchase price Total Checkouts Full call number Barcode Date last seen Copy number Cost, replacement price Price effective from Koha item type
        Central Library Central Library 08/03/2016 Cen Lib/Ref 0.00   239.1 ج ا ن A-842612 08/03/2016 1 0.00 08/03/2016 Urdu Bks

© Delhi Public Library
Hit Counter
free hit counter